<?xml version="1.0" encoding="UTF-8"?>
<record
    xmlns:xsi="http://www.w3.org/2001/XMLSchema-instance"
    xsi:schemaLocation="http://www.loc.gov/MARC21/slim http://www.loc.gov/standards/marcxml/schema/MARC21slim.xsd"
    xmlns="http://www.loc.gov/MARC21/slim">

  <leader>00325nam a22001337a 4500</leader>
  <controlfield tag="008">241130b        |||||||| |||| 00| 0 eng d</controlfield>
  <datafield tag="022" ind1=" " ind2=" ">
    <subfield code="a">9772456491008</subfield>
  </datafield>
  <datafield tag="041" ind1=" " ind2=" ">
    <subfield code="a">Eng</subfield>
  </datafield>
  <datafield tag="245" ind1=" " ind2=" ">
    <subfield code="a">Entrepreneur</subfield>
  </datafield>
  <datafield tag="260" ind1=" " ind2=" ">
    <subfield code="a">Delhi</subfield>
    <subfield code="b">Franchise India Holdings Ltd</subfield>
    <subfield code="c">2024</subfield>
  </datafield>
  <datafield tag="300" ind1=" " ind2=" ">
    <subfield code="a">82;. P.</subfield>
  </datafield>
  <datafield tag="856" ind1=" " ind2=" ">
    <subfield code="u">www.entrepreneur.com</subfield>
  </datafield>
  <datafield tag="942" ind1=" " ind2=" ">
    <subfield code="c">SR</subfield>
  </datafield>
  <datafield tag="999" ind1=" " ind2=" ">
    <subfield code="c">43154</subfield>
    <subfield code="d">43154</subfield>
  </datafield>
  <datafield tag="952" ind1=" " ind2=" ">
    <subfield code="0">0</subfield>
    <subfield code="1">0</subfield>
    <subfield code="2">ddc</subfield>
    <subfield code="4">0</subfield>
    <subfield code="7">0</subfield>
    <subfield code="a">IMTN</subfield>
    <subfield code="b">IMTN</subfield>
    <subfield code="d">2024-01-17</subfield>
    <subfield code="e">2024-01-17</subfield>
    <subfield code="h">Vol. 13, No. 1</subfield>
    <subfield code="l">0</subfield>
    <subfield code="p">P270</subfield>
    <subfield code="r">2025-05-08 00:00:00</subfield>
    <subfield code="w">2024-01-01</subfield>
    <subfield code="y">SR</subfield>
  </datafield>
  <datafield tag="952" ind1=" " ind2=" ">
    <subfield code="0">0</subfield>
    <subfield code="1">0</subfield>
    <subfield code="2">ddc</subfield>
    <subfield code="4">0</subfield>
    <subfield code="7">0</subfield>
    <subfield code="a">IMTN</subfield>
    <subfield code="b">IMTN</subfield>
    <subfield code="d">2024-02-09</subfield>
    <subfield code="e">2024-02-09</subfield>
    <subfield code="h">Vol. 13, No. 2</subfield>
    <subfield code="l">0</subfield>
    <subfield code="p">P271</subfield>
    <subfield code="r">2025-05-08 00:00:00</subfield>
    <subfield code="w">2024-02-01</subfield>
    <subfield code="y">SR</subfield>
  </datafield>
  <datafield tag="952" ind1=" " ind2=" ">
    <subfield code="0">0</subfield>
    <subfield code="1">0</subfield>
    <subfield code="2">ddc</subfield>
    <subfield code="4">0</subfield>
    <subfield code="7">0</subfield>
    <subfield code="a">IMTN</subfield>
    <subfield code="b">IMTN</subfield>
    <subfield code="d">2024-03-18</subfield>
    <subfield code="e">2024-03-18</subfield>
    <subfield code="h">Vol. 13, No. 3</subfield>
    <subfield code="l">0</subfield>
    <subfield code="p">P272</subfield>
    <subfield code="r">2025-05-08 00:00:00</subfield>
    <subfield code="w">2024-03-18</subfield>
    <subfield code="y">SR</subfield>
  </datafield>
  <datafield tag="952" ind1=" " ind2=" ">
    <subfield code="0">0</subfield>
    <subfield code="1">0</subfield>
    <subfield code="2">ddc</subfield>
    <subfield code="4">0</subfield>
    <subfield code="7">0</subfield>
    <subfield code="a">IMTN</subfield>
    <subfield code="b">IMTN</subfield>
    <subfield code="d">2024-06-08</subfield>
    <subfield code="e">2024-06-08</subfield>
    <subfield code="h">Vol. 13, No. 6</subfield>
    <subfield code="l">0</subfield>
    <subfield code="p">P273</subfield>
    <subfield code="r">2025-05-08 00:00:00</subfield>
    <subfield code="w">2024-06-01</subfield>
    <subfield code="y">SR</subfield>
  </datafield>
  <datafield tag="952" ind1=" " ind2=" ">
    <subfield code="0">0</subfield>
    <subfield code="1">0</subfield>
    <subfield code="2">ddc</subfield>
    <subfield code="4">0</subfield>
    <subfield code="7">0</subfield>
    <subfield code="a">IMTN</subfield>
    <subfield code="b">IMTN</subfield>
    <subfield code="d">2024-08-10</subfield>
    <subfield code="e">2024-08-10</subfield>
    <subfield code="h">Vol. 13, No. 7</subfield>
    <subfield code="l">0</subfield>
    <subfield code="p">P274</subfield>
    <subfield code="r">2025-05-08 00:00:00</subfield>
    <subfield code="w">2024-08-01</subfield>
    <subfield code="y">SR</subfield>
  </datafield>
  <datafield tag="952" ind1=" " ind2=" ">
    <subfield code="0">0</subfield>
    <subfield code="1">0</subfield>
    <subfield code="2">ddc</subfield>
    <subfield code="4">0</subfield>
    <subfield code="7">0</subfield>
    <subfield code="a">IMTN</subfield>
    <subfield code="b">IMTN</subfield>
    <subfield code="d">2024-10-15</subfield>
    <subfield code="e">2024-10-15</subfield>
    <subfield code="h">Vol. 13, No. 8</subfield>
    <subfield code="p">P275</subfield>
    <subfield code="r">2025-05-08 00:00:00</subfield>
    <subfield code="w">2024-10-01</subfield>
    <subfield code="y">SR</subfield>
  </datafield>
  <datafield tag="952" ind1=" " ind2=" ">
    <subfield code="0">0</subfield>
    <subfield code="1">0</subfield>
    <subfield code="2">ddc</subfield>
    <subfield code="4">0</subfield>
    <subfield code="7">0</subfield>
    <subfield code="a">IMTN</subfield>
    <subfield code="b">IMTN</subfield>
    <subfield code="d">2024-11-19</subfield>
    <subfield code="e">2024-11-19</subfield>
    <subfield code="h">Vol. 13, No. 9</subfield>
    <subfield code="l">0</subfield>
    <subfield code="p">P276</subfield>
    <subfield code="r">2025-05-08 00:00:00</subfield>
    <subfield code="w">2024-11-01</subfield>
    <subfield code="y">SR</subfield>
  </datafield>
  <datafield tag="952" ind1=" " ind2=" ">
    <subfield code="0">0</subfield>
    <subfield code="1">0</subfield>
    <subfield code="2">ddc</subfield>
    <subfield code="4">0</subfield>
    <subfield code="7">0</subfield>
    <subfield code="a">IMTN</subfield>
    <subfield code="b">IMTN</subfield>
    <subfield code="d">2025-01-10</subfield>
    <subfield code="e">2025-01-10</subfield>
    <subfield code="h">Vol. 14, No. 1</subfield>
    <subfield code="l">0</subfield>
    <subfield code="p">P277</subfield>
    <subfield code="r">2025-05-08 00:00:00</subfield>
    <subfield code="w">2025-01-01</subfield>
    <subfield code="y">SR</subfield>
  </datafield>
  <datafield tag="952" ind1=" " ind2=" ">
    <subfield code="0">0</subfield>
    <subfield code="1">0</subfield>
    <subfield code="2">ddc</subfield>
    <subfield code="4">0</subfield>
    <subfield code="7">0</subfield>
    <subfield code="a">IMTN</subfield>
    <subfield code="b">IMTN</subfield>
    <subfield code="d">2025-02-20</subfield>
    <subfield code="e">2025-02-20</subfield>
    <subfield code="h">Vol. 14, No. 2</subfield>
    <subfield code="l">0</subfield>
    <subfield code="p">P278</subfield>
    <subfield code="r">2025-05-08 00:00:00</subfield>
    <subfield code="w">2025-02-01</subfield>
    <subfield code="y">SR</subfield>
  </datafield>
  <datafield tag="952" ind1=" " ind2=" ">
    <subfield code="0">0</subfield>
    <subfield code="1">0</subfield>
    <subfield code="2">ddc</subfield>
    <subfield code="4">0</subfield>
    <subfield code="7">0</subfield>
    <subfield code="a">IMTN</subfield>
    <subfield code="b">IMTN</subfield>
    <subfield code="d">2025-03-19</subfield>
    <subfield code="e">2025-03-19</subfield>
    <subfield code="h">Vol. 14, No. 3</subfield>
    <subfield code="l">0</subfield>
    <subfield code="p">P279</subfield>
    <subfield code="r">2025-05-08 00:00:00</subfield>
    <subfield code="w">2025-03-01</subfield>
    <subfield code="y">SR</subfield>
  </datafield>
  <datafield tag="952" ind1=" " ind2=" ">
    <subfield code="0">0</subfield>
    <subfield code="1">0</subfield>
    <subfield code="2">ddc</subfield>
    <subfield code="4">0</subfield>
    <subfield code="7">0</subfield>
    <subfield code="a">IMTN</subfield>
    <subfield code="b">IMTN</subfield>
    <subfield code="d">0000-00-00</subfield>
    <subfield code="e">05/28/2025</subfield>
    <subfield code="h">Vol. 14, No. 4</subfield>
    <subfield code="l">0</subfield>
    <subfield code="p">P469</subfield>
    <subfield code="r">2025-05-28 00:00:00</subfield>
    <subfield code="w">2025-05-01</subfield>
    <subfield code="y">SR</subfield>
  </datafield>
  <datafield tag="952" ind1=" " ind2=" ">
    <subfield code="0">0</subfield>
    <subfield code="1">0</subfield>
    <subfield code="2">ddc</subfield>
    <subfield code="4">0</subfield>
    <subfield code="7">0</subfield>
    <subfield code="a">IMTN</subfield>
    <subfield code="b">IMTN</subfield>
    <subfield code="d">2025-06-19</subfield>
    <subfield code="e">2025-06-19</subfield>
    <subfield code="h">Vol. 14, No. 05</subfield>
    <subfield code="l">0</subfield>
    <subfield code="p">P692</subfield>
    <subfield code="r">2025-06-19 00:00:00</subfield>
    <subfield code="w">2025-06-01</subfield>
    <subfield code="y">SR</subfield>
  </datafield>
  <datafield tag="952" ind1=" " ind2=" ">
    <subfield code="0">0</subfield>
    <subfield code="1">0</subfield>
    <subfield code="2">ddc</subfield>
    <subfield code="4">0</subfield>
    <subfield code="7">0</subfield>
    <subfield code="a">IMTN</subfield>
    <subfield code="b">IMTN</subfield>
    <subfield code="d">2025-07-18</subfield>
    <subfield code="e">2025-07-18</subfield>
    <subfield code="h">Vol. 14, No. 6</subfield>
    <subfield code="l">0</subfield>
    <subfield code="p">P728</subfield>
    <subfield code="r">2025-07-18 00:00:00</subfield>
    <subfield code="w">2025-07-01</subfield>
    <subfield code="y">SR</subfield>
  </datafield>
  <datafield tag="952" ind1=" " ind2=" ">
    <subfield code="0">0</subfield>
    <subfield code="1">0</subfield>
    <subfield code="2">ddc</subfield>
    <subfield code="4">0</subfield>
    <subfield code="7">0</subfield>
    <subfield code="a">IMTN</subfield>
    <subfield code="b">IMTN</subfield>
    <subfield code="d">2025-08-22</subfield>
    <subfield code="e">2025-08-22</subfield>
    <subfield code="h">Vol. 14, No. 7</subfield>
    <subfield code="l">0</subfield>
    <subfield code="p">P769</subfield>
    <subfield code="r">2025-08-22 00:00:00</subfield>
    <subfield code="w">2025-08-01</subfield>
    <subfield code="y">SR</subfield>
  </datafield>
  <datafield tag="952" ind1=" " ind2=" ">
    <subfield code="0">0</subfield>
    <subfield code="1">0</subfield>
    <subfield code="2">ddc</subfield>
    <subfield code="4">0</subfield>
    <subfield code="7">0</subfield>
    <subfield code="a">IMTN</subfield>
    <subfield code="b">IMTN</subfield>
    <subfield code="d">2025-09-22</subfield>
    <subfield code="h">Vol- 14 No- 8 </subfield>
    <subfield code="p">P776</subfield>
    <subfield code="r">2025-08-23 00:00:00</subfield>
    <subfield code="w">2025-09-22</subfield>
    <subfield code="y">SR</subfield>
    <subfield code="z">With Supplement Copy (Aug- to Oct-,2025)  2025-08-23</subfield>
  </datafield>
  <datafield tag="952" ind1=" " ind2=" ">
    <subfield code="0">0</subfield>
    <subfield code="1">0</subfield>
    <subfield code="2">ddc</subfield>
    <subfield code="4">0</subfield>
    <subfield code="7">0</subfield>
    <subfield code="a">IMTN</subfield>
    <subfield code="b">IMTN</subfield>
    <subfield code="d">2025-10-30</subfield>
    <subfield code="h">Vol. 14, No. 9</subfield>
    <subfield code="l">0</subfield>
    <subfield code="p">P973</subfield>
    <subfield code="r">2025-10-30 10:01:30</subfield>
    <subfield code="w">2025-10-30</subfield>
    <subfield code="y">SR</subfield>
  </datafield>
  <datafield tag="952" ind1=" " ind2=" ">
    <subfield code="0">0</subfield>
    <subfield code="1">0</subfield>
    <subfield code="2">ddc</subfield>
    <subfield code="4">0</subfield>
    <subfield code="7">0</subfield>
    <subfield code="a">IMTN</subfield>
    <subfield code="b">IMTN</subfield>
    <subfield code="d">2025-11-25</subfield>
    <subfield code="h">Vol. 14, No. 10</subfield>
    <subfield code="l">0</subfield>
    <subfield code="p">P1048</subfield>
    <subfield code="r">2025-11-25 12:40:03</subfield>
    <subfield code="w">2025-11-25</subfield>
    <subfield code="y">SR</subfield>
  </datafield>
  <datafield tag="952" ind1=" " ind2=" ">
    <subfield code="0">0</subfield>
    <subfield code="1">0</subfield>
    <subfield code="2">ddc</subfield>
    <subfield code="4">0</subfield>
    <subfield code="7">0</subfield>
    <subfield code="a">IMTN</subfield>
    <subfield code="b">IMTN</subfield>
    <subfield code="d">2025-12-16</subfield>
    <subfield code="h">Vol. 14, No. 11</subfield>
    <subfield code="l">0</subfield>
    <subfield code="p">P1094</subfield>
    <subfield code="r">2025-12-16 19:45:27</subfield>
    <subfield code="w">2025-12-16</subfield>
    <subfield code="y">SR</subfield>
  </datafield>
</record>
